National anthems of the world / (Record no. 6897)

MARC details
000 -LEADER
fixed length control field 00682ncm a22002297a 4500
001 - CONTROL NUMBER
control field 5616028
003 - CONTROL NUMBER IDENTIFIER
control field GBCCL
005 - DATE AND TIME OF LATEST TRANSACTION
control field 20241126110614.0
008 - FIXED-LENGTH DATA ELEMENTS--GENERAL INFORMATION
fixed length control field 890407s1963 enkana n eng
010 ## -
-- 89751656
040 ## - CATALOGING SOURCE
Original cataloging agency DLC
Transcribing agency DLC
Modifying agency DLC
050 00 -
-- M1627
-- .N269 1963
082 ## - DEWEY DECIMAL CLASSIFICATION NUMBER
Classification number 784.71
Item number NAT
245 00 - TITLE STATEMENT
Title National anthems of the world /
Statement of responsibility, etc. edited by Martin Shaw and Henry Coleman.
250 ## - EDITION STATEMENT
Edition statement 2nd, rev. ed.
260 ## - PUBLICATION, DISTRIBUTION, ETC.
Place of publication, distribution, etc. London :
Name of publisher, distributor, etc. Blandford Press,
Date of publication, distribution, etc. 1963, c1960.
300 ## - PHYSICAL DESCRIPTION
Extent 1 score (viii, 408 p.) ;
Dimensions 26 cm.
500 ## - GENERAL NOTE
General note Minimal level cataloging.
650 #0 - SUBJECT ADDED ENTRY--TOPICAL TERM
Topical term or geographic name entry element National songs.
9 (RLIN) 12315
906 ## - LOCAL DATA ELEMENT F, LDF (RLIN)
a 7
b cbc
c orignew
d 5
e ncip
f 19
g y-genmusic
942 ## - ADDED ENTRY ELEMENTS (KOHA)
Source of classification or shelving scheme Dewey Decimal Classification
Koha item type Books
Holdings
Withdrawn status Lost status Source of classification or shelving scheme Damaged status Not for loan Home library Current Library Shelving location Date acquired Total checkouts Full call number Barcode Date last seen Copy number Price effective from Koha item type
    Dewey Decimal Classification     GRACE BIBLE COLLEGE GRACE BIBLE COLLEGE General Studies 2018-07-02   784.71 NAT 008994 2025-05-01 c.1 2018-07-02 Books
© Grace Bible College Library 2025